El arte de la novela

Guardat en:
Dades bibliogràfiques
Autor principal: Kundera, Milan (autor)
Format: Llibre
Idioma:espanyol
Publicat: Barcelona Tusquets 1987
Col·lecció:Marginales, 99
Matèries:
Etiquetes: Afegir etiqueta
Sense etiquetes, Sigues el primer a etiquetar aquest registre!

MARC

LEADER 00000nam a2200000 a 4500
001 UCX1272
003 CL-VaPUC
008 900711e19870000SP |||||||||||||||||spa|d
082 0 4 |a 801.953  |b KUN  |2 21 
100 |a Kundera, Milan  |e autor  |9 582710 
245 1 3 |a El arte de la novela 
300 |a 179 p 
942 |c BK 
945 |d 19900711 00:00:00 
260 |a Barcelona  |b Tusquets  |c 1987 
650 0 |a Crítica literaria   |9 269189 
650 7 |a NOVELA TECNICA  |2 CL-VaPUC  |9 316721 
650 7 |a NOVELA HISTORIA Y CRITICA  |2 CL-VaPUC  |9 316722 
583 |a last modification  |c 19900711 00:00:00  |k Rodrigo Vera 
490 0 |a Marginales, 99 
999 |c 222542  |d 222540 
952 |0 0  |1 0  |4 0  |6 801_953000000000000_KUN_1987  |7 0  |8 A  |9 217473  |a BIBEDU  |b BIBEDU  |d 2019-11-15  |i 2863960  |o 801.953 KUN 1987  |p 2863960  |r 2019-11-15  |w 2019-11-15  |y BK  |k LIT